Manual de lectura fácil : cómo escribir textos accesibles para personas con dificultades lectoras /

Guardado en:
Autor Principal: Nielsen, Clara.
Formato: Libro
Idioma:Undetermined
Publicado: Buenos Aires : Visibilia : Eudeba, 2022.
Edición:1a ed.
Materias:
Etiquetas: Agregar Etiqueta
Sin Etiquetas, Sea el primero en etiquetar este registro!
LEADER 02226nam a22002535a 4500
001 CEM.cems025085
008 260401s2022####ag#######b####000#0#und#d
005 20260409092544.0
245 1 0 |a Manual de lectura fácil :  |b cómo escribir textos accesibles para personas con dificultades lectoras /  |c Clara Nielsen. 
250 |a 1a ed. 
260 |a Buenos Aires :  |b Visibilia :  |b Eudeba,  |c 2022. 
300 |a 363 p. 
505 0 |a PRIMERA PARTE -- ¿Por qué necesitamos textos fáciles de leer? -- Datos y conceptos que conviene reconocer -- CAPÍTULO 1: La lectura fácil -- El manual Visibilia -- Datos importantes -- Conceptos importantes -- La lectura fácil -- CAPÍTULO 2: La teoría -- ¿Es necesaria la teoría? -- La comunicación, el lenguaje y el idioma -- El contexto -- CAPÍTULO 3: El receptor -- Los receptores de la lectura fácil -- Construimos a nuestro receptor -- CAPÍTULO 4: El texto que vamos a adaptar -- El texto informativo -- El texto literario -- El texto literario narrativo -- SEGUNDA PARTE -- ¿Cómo hacemos textos fáciles de leer? -- Directrices para escribir, ilustrar, diseñar y validar los textos de lectrura fácil -- CAPÍTULO 5: Escribir -- La gramática -- La ortografía -- Los signos -- Las oraciones -- Las palabras -- Los incisos -- Los diálogos -- Las glosas -- Los listados -- Las figuras retóricas -- El lenguaje no sexista -- El estilo de la lectura fácil -- Una regla que sirve siempre -- CAPÍTULO 6: Ilustrar y diseñar -- Las ilustraciones -- El diseño gráfico -- CAPÍTULO 7: Validar 
504 |a Bibliografía p. 362. 
590 |a Estos ejemplares fueron cedidos a préstamo, por el Departamento de Humanidades, luego de la resolución CSU-186/1992 y por haber sidos comprados por PGI (24/I298). Quedan en posesión de la biblioteca del CEMS para uso de sus usuarios, pero seguirá siendo patrimonio de la Biblioteca Arturo Marasso. 
020 |a 9789502332574 
100 1 |a Nielsen, Clara. 
653 |a Lectura fácil 
653 |a Manuales 
653 |a Accesibilidad 
653 |a Discapacidad 
653 |a Lectura-dificultades 
859 |a CEMS  |b BIB. CEMS - 11 de abril  |h 372.6  |i N554  |p 30607.26  |t Ej.1 
859 |a CEMS  |b BIB. CEMS - 11 de abril  |h 372.6  |i N554  |p 30608.26  |t Ej.2